000
00278nam a22001217a 4500
020
_a
3-540-05705-6
082
_a
512.904 FAI'A
100
_a
FAITH, CARL
_9
75908
245
_a
ALGEBRA II RING THEORY
260
_a
NEWYORK
_b
SPRINGER VERLAG
_c
1976
300
_a
302P
942
_c
BK
999
_c
581319
_d
581319